| 000 | 00731nam a2200217 i 4500 | ||
|---|---|---|---|
| 001 | bg | ||
| 245 | 0 | 0 |
_aPolitechnika Lwowska 1844-1945 / _c[kom. red. Robert Szewalski (przewodn.) i in.]. |
| 260 |
_aWrocław : _bWydaw. Politechniki Wrocławskiej, _c1993. |
||
| 300 |
_a577 s. : _bfaks., fot., pl., portr. (w tym kolor.), rys. ; _c25 cm. |
||
| 504 | _aBibliogr. przy rozdz. - Indeks. - Summ. | ||
| 650 | 9 |
_aTechnika _xszkolnictwo wyższe _xhistoria _zPolska |
|
| 651 | 9 |
_aLwów _xPolitechnika _xhistoria |
|
| 700 | 1 |
_aSZEWALSKI, Robert. _eRed. |
|
| 020 | _a8370850588 | ||
| 040 | _cBPK | ||
| 041 | 0 | _apl | |
| 080 | _a378.662(438)"18/19" | ||
| 920 | _a83-7085-058-8 | ||
| 942 | _cKS | ||
| 008 | s pl f |000 0 pol | ||
| 999 |
_c30309 _d30309 |
||
| 856 |
_uhttp://koha.tu.koszalin.pl/cgi-bin/koha/opac-detail.pl?biblionumber=30309 _yKatalog online BPK |
||